000 00236nam a22001097a 4500
003 OSt
008 231116b |||||||| |||| 00| 0 eng d
041 _aeng
100 _aGovindan, M
_95723
245 _aPoetry and Renaissence
942 _cBK
999 _c18041
_d18041